000
00189nam a2200085 4500
001
1257539
005
20260216104911.0
245
_a
kesekağıdı ustaları
_c
mehmet güler
260
_b
özyürek
999
_c
1257539
_d
1257539